| 000 | 00646nam a22001457a 4500 | ||
|---|---|---|---|
| 003 | OSt | ||
| 005 | 20150917113047.0 | ||
| 008 | 150917b xxu||||| |||| 00| 0 eng d | ||
| 040 | _cRUA | ||
| 082 | _aAGR SIM 2002 B023 Or.1 | ||
| 100 |
_9668 _aSIM, BORAMY. |
||
| 245 | _aScreening rice varieties for resistance to brown planthopper and host plant ពិសោធន៏តាមដានរកពូជស្រូវធន់និងការបំផ្លាញរបស់សត្វល្អិតមមាចត្នោតនិងរុក្ខជាតិជំរករបស់វា | ||
| 300 |
_a81p. _bill. _c29cm. |
||
| 942 |
_2ddc _cAGR |
||
| 999 |
_c644 _d644 |
||